| 000 | 00438nam a2200181Ia 4500 | ||
|---|---|---|---|
| 001 | 19311 | ||
| 005 | 20260306172644.0 | ||
| 008 | 260306t1997||||xx |||||||||||||| ||spa|| | ||
| 041 | _aESP | ||
| 082 |
_a658.83 _bR56 |
||
| 100 |
_aRies, Al _eAUT |
||
| 245 | 0 |
_aLas 22 leyes inmutables del marketing: _bviólelas bajo su propio riesgo |
|
| 260 | _c1997 | ||
| 300 |
_a _c |
||
| 650 | _aGEN | ||
| 654 | _aCAN | ||
| 942 |
_cLIB _dJUS _fJUS _2ddc _n |
||
| 999 |
_c19311 _d19311 |
||